000 00592cab a2200205 4500
001 WB3032-14
008 090401t1994 xxu||||| |||| 00| 0 eng d
035 _a(Sirsi) u36649
041 _aeng
245 _aShortage of PVC to raise costs
260 _c1994
350 _a0
490 _aFinancial Times
_v27 August 1994, 24(1)
520 _aA shortage of PVC materials will lead to a rise in the cost of building materials.
650 _aBUILT ENVIRONMENT-BUILDING MATERIALS
650 _aPVC
690 _aBUILT ENVIRONMENT-BUILDING MATERIALS
942 _n0
948 _c04/03/1997
999 _c23741
_d23741